| 000 | 00615nam a2200241Ia 4500 | ||
|---|---|---|---|
| 003 | OSt | ||
| 005 | 20220918195948.0 | ||
| 006 | a|||||r|||| 00| 0 | ||
| 007 | ta | ||
| 008 | 220917b |||||||| |||| 00| 0 eng d | ||
| 024 | _a86,900 | ||
| 037 | _cTextual | ||
| 040 |
_aARTS _cARTS _beng |
||
| 041 |
_2eng _aeng |
||
| 082 | _a#:(R), M6 | ||
| 100 |
_aAnderson R.J. _992121 |
||
| 245 | 0 | _aPhilosophy and the human sciences | |
| 260 |
_aLondon _bCroom Helm _c1986 |
||
| 300 |
_a274p. _ccm. |
||
| 650 | _aSOCIAL SCIENCES | ||
| 942 |
_h#:(R), M6 _cTEXL _2CC |
||
| 999 |
_c210597 _d210597 |
||